| 000 | 01526nam0a2200313 i 4500 | ||
|---|---|---|---|
| 001 | RU\NLR\BIBL_A\010967911 | ||
| 005 | 20260407121804.0 | ||
| 010 |
_a9785943751424 _9300 |
||
| 021 |
_aRU _b2015-103000 _96423 |
||
| 035 | _a(NLR Aleph) 010967911 | ||
| 090 |
_a10806583 _c10806583 |
||
| 100 | _a20160201d2012 k y0rusy50 ca | ||
| 101 | 0 | _arus | |
| 102 | _aRU | ||
| 105 | _aab||z|||000yy | ||
| 200 | 1 |
_aИсследование памятников эпохи палеолита _e[сборник статей] _fРос. акад. наук, Ин-т археологии _g[отв. ред.: д.и.н. Н. Б. Леонова и др.] |
|
| 210 |
_aМосква _cИА РАН _d2012 |
||
| 215 |
_a77, [2] с. _cил., цв. ил., карт. _d22 |
||
| 225 | 1 |
_aМетодика полевых археологических исследований _fредкол.: чл.-корр. РАН П.Г.Гайдуков (пред.) [и др.] _vвып. 7 |
|
| 320 | _aБиблиогр. в конце ст. | ||
| 606 | 1 |
_aАрхеология _jСборники _xМетоды исследования _91020306 _3RU\NLR\AUTH\6672074 |
|
| 675 | _a902/904 | ||
| 686 | 1 | _aТ4с3я43 | |
| 702 | 1 |
_4340 _8rus _7ca _aЛеонова _bН. Б. _cд-р ист. наук _f1944- _gНаталия Борисовна _3RU\NLR\AUTH\7751780 _934713 |
|
| 712 | 0 | 2 |
_4570 _aИнститут археологии _cМосква _3RU\NLR\AUTH\889957087 _9410279 |
| 942 | _cBOOK | ||
| 980 | _aNBR | ||